Ca dao Nam Trung Bộ
Sách giới thiệu các tác phẩm ca dao vùng Nam Trung Bộ tại Việt Nam do Thạch Phương, Ngô Quang Hiển (sưu tầm, tuyển chọn, giới thiệu)
保存先:
| フォーマット: | 図書 |
|---|---|
| 言語: | Undetermined |
| 出版事項: |
Hà Nội
Khoa học - Xã hội
1999
|
| 主題: | |
| タグ: |
タグ追加
タグなし, このレコードへの初めてのタグを付けませんか!
|
| Thư viện lưu trữ: | Trung tâm Học liệu Trường Đại học Cần Thơ |
|---|
| LEADER | 00842nam a2200181Ia 4500 | ||
|---|---|---|---|
| 001 | CTU_30745 | ||
| 008 | 210402s9999 xx 000 0 und d | ||
| 082 | |a 398.20495 | ||
| 082 | |b C100 | ||
| 245 | 0 | |a Ca dao Nam Trung Bộ | |
| 245 | 0 | |c Thạch Phương, Ngô Quang Hiển (sưu tầm, tuyển chọn, giới thiệu) | |
| 260 | |a Hà Nội | ||
| 260 | |b Khoa học - Xã hội | ||
| 260 | |c 1999 | ||
| 520 | |a Sách giới thiệu các tác phẩm ca dao vùng Nam Trung Bộ tại Việt Nam do Thạch Phương, Ngô Quang Hiển (sưu tầm, tuyển chọn, giới thiệu) | ||
| 650 | |a Folk literature, vietnamese,Vietnamese poetry,Văn học dân gian, Việt Nam,Ca dao Việt Nam | ||
| 904 | |i Q. Hiếu (sửa) | ||
| 980 | |a Trung tâm Học liệu Trường Đại học Cần Thơ | ||